000 00460nab a2200145Ia 4500
003 ES-SlBCS
005 20210601143853.0
008 140529s2001 xxu||||| |||| 00| 0 spa d
041 _aspa
100 1 _aMorales Rodríguez, Noé
_9294219
245 0 0 _aLa epistemología educativa ante la coyuntura del método
_c Noé Morales Rodríguez
650 0 4 _aEpistemología Educativa
_9209265
773 0 _tPraxis
_gnº. 54, 2001, págs. 113-134
_wRev1330
942 _cAR
999 _c699146
_d699146